Science Quiz

Random Science Quiz
Score 0/47 Timer 20:00
0 Plays Today
Hint Answer % Correct
Keppra (XR)Levetiracetam
88.9%
Ultram (Ultram ER)Tramadol
88.9%
DilantinPhenytoin sodium
83.3%
LamictalLamotrigine
83.3%
TopamaxTopiramate
83.3%
NeurontinGabapentin
83.3%
MobicMeloxicam
83.3%
MotrinIbuprofen
83.3%
Naprosyn, Anaprox DS, AleveNaproxen
83.3%
CelebrexCelecoxib
83.3%
MethadoseMethadone
83.3%
FlexerilCyclobenzaprine
83.3%
Gablofen; LioresalBaclofen
83.3%
PepcidFamotidine
83.3%
NexiumEsomeprazole
83.3%
PrevacidLansoprazole
83.3%
PrilosecOmeprazole
83.3%
ProtonixPantoprazole
83.3%
LyricaPregabalin
77.8%
OxyContinOxycodone ER
77.8%
Adipex-PPhentermine
77.8%
BentylDicyclomine HCl
77.8%
AntivertMeclizine HCl
77.8%
Klor-Con, microKPotassium chloride
77.8%
Hint Answer % Correct
ZantacRanitidine HCl
77.8%
ZanaflexTizanidine HCl
72.2%
Percocet, Endocet, Roxicet, TyloxAcetaminophen oxycodone
72.2%
Tylenol #3Acetaminophen codeine
72.2%
NamendaMemantine
72.2%
GENERIC or could say FeosolFerrous sulfate
72.2%
AcipHexRabeprazole
72.2%
LidodermLidocaine topical
72.2%
Lortab, VicodinAcetaminophen hydrocodone
66.7%
Depakote (ER)Divalproex sodium
66.7%
DuragesicFentanyl transdermal
66.7%
ChantixVarenicline Tartrate
66.7%
SomaCarisoprodol
66.7%
ZofranOndansetron
66.7%
ReglanMetoclopramide
66.7%
ImitrexSumatriptan oral
61.1%
RobaxinMethocarbamol
61.1%
PhenerganPromethazine tabs
61.1%
MiraLAXPolyethylene glycol 3350
61.1%
AriceptDonepezil
55.6%
SuboxoneBuprenorphine naloxone
44.4%
RelafenNabumetone
38.9%
FioricetButalbital APAP caffeine
27.8%
Remove Ads.
Support Sporcle.
Get the best of Sporcle when you Go Orange. This ad-free experience offers more features, more stats, and more fun while also helping to support Sporcle. Thank you for becoming a member.

You're not logged in!

Compare scores with friends on all Sporcle quizzes.
OR
Log In

Show Comments

Extras

Created Jan 5, 2015ReportNominate
Tags:200, 2015, brand, Generic, Spring, Top 200

Top Quizzes Today


Score Distribution

Your Account Isn't Verified!

In order to create a playlist on Sporcle, you need to verify the email address you used during registration. Go to your Sporcle Settings to finish the process.

Report this User

Report this user for behavior that violates our Community Guidelines.

Details: